000 00625nam a2200241Ia 4500
003 OSt
005 20220926013038.0
006 a|||||r|||| 00| 0
007 ta
008 220923b |||||||| |||| 00| 0 eng d
037 _cGeneral Book
040 _aRTL
_cRTL
_beng
041 _2eng
_aeng
082 _aX, L8
100 _aElzinga Kenneth G. Ed.
_9317767
245 0 _aEconomics
_b A Reader
250 _a3
260 _aNew York
_bHarper and Row
_c1978
300 _ax,301p
_ccm.
650 _aEconomic Theory
942 _hX, L8
_cGB
_2CC
999 _c625058
_d625058